000 00540nam a2200205Ia 4500
005 20250923145718.0
008 008 250917s9999 xx 000 0 eng d
037 _aTextual
040 _aDSWL
_beng
_cDSWL
041 _aeng
_2eng
084 _aY31:434, N81
_qDSWL
245 4 _aThe Challenge of rural poverty
_c by I.L.O.
250 _a2nd
260 _aGeneva
_bI.L.O.
_c1981
300 _aii,52p.
365 _aINR
_b45.00
925 _g45.00
942 _cTEXL
_hY31:434, N81
999 _c1454666
_d1454666